00310nam a2200121Ia 4500008004100000041000800041082001200049100000800061245004100069260004700110300002400157365000700181240624s9999 xx 000 0 und d aeng a368 III aIII aMATHEMATICAL BASIS OF LIFE INSURANCE c2011aMumbaibInsurance Institute of India a441 : p. : cm. ; 24 cRS